| 000 | 01628cam a2200373 i 4500 | ||
|---|---|---|---|
| 001 | 65255 | ||
| 003 | Mx-PuUPA | ||
| 005 | 20240410104235.0 | ||
| 008 | 080609s2016 mx a gr 000 1 spa d | ||
| 020 | _a9786070734915 | ||
| 040 |
_aMx-PuUPA _dMx-PuUPA _cMx-PuUPA _bspa _erda |
||
| 041 | 1 |
_aspa _heng |
|
| 100 | 1 |
_aRiggs, Ransom, _eautor _d1979- _911062 |
|
| 240 | 1 | 0 |
_aMiss Peregrine's home for peculiar children. _lEspañol |
| 245 | 1 | 0 |
_aMiss Peregrine y los niños peculiares / _cRansom Riggs ; traducción de Gemma Gallart |
| 250 | _aPrimera edición | ||
| 264 | 1 |
_aCiudad de México : _bEditorial Planeta Mexicana, _c2016 |
|
| 300 |
_a412 páginas : _bilustraciones ; _c21 cm |
||
| 336 |
_2rdacontent _atexto _btxt |
||
| 337 |
_2rdamedia _asin medio _bn |
||
| 338 |
_2rdacarrier _avolumen _bnc |
||
| 490 | 0 |
_aEl hogar de Miss Peregrine para niños peculiares ; _v[1] |
|
| 650 | 4 |
_aOrfanatos _vNovela juvenil |
|
| 650 | 4 |
_aOrfanatos _xCómics, tiras, etc. |
|
| 650 | 4 |
_aIslas _xCómics, tiras, etc. |
|
| 650 | 4 |
_aNovelas gráficas _zEstados Unidos |
|
| 700 | 1 |
_aGallart, Gemma, _etraductor |
|
| 765 | 0 | 8 |
_aRiggs, Ransom, 1979- _tMiss Peregrine's home for peculiar children. |
| 785 | 0 | 0 |
_aRiggs, Ransom, 1979- _bPrimera edición _dCiudad de México : Editorial Planeta Mexicana, 2016 _kEl hogar de Miss Peregrine para niños peculiares _tEl hogar de Miss Peregrine para niños peculiares 2 : la ciudad desolada _w(Mx-PuUPA) 69051 _z9786070736131 |
| 942 |
_2ddc _h808.0683872 _cLI _iR565 |
||
| 999 |
_c65255 _d65255 |
||